[Event "Norway Chess 1st"]
[Site "Stavanger"]
[Date "2013.05.10"]
[Round "3"]
[White "Nakamura, Hikaru"]
[Black "Carlsen, Magnus"]
[Result "1/2-1/2"]
[WhiteElo "2775"]
[BlackElo "2868"]
[Annotator "Marin,Mihail"]
[PlyCount "75"]
[EventDate "2013.05.08"]
[EventType "tourn"]
[EventRounds "9"]
[EventCountry "NOR"]
[EventCategory "21"]
[SourceTitle "CBM 155"]
[Source "ChessBase"]
[SourceDate "2013.07.16"]
[SourceVersion "1"]
[SourceVersionDate "2013.07.16"]
[SourceQuality "1"]

1. e4 {Lukacs,Peter} e5 2. Nc3 Nc6 3. Bc4 Nf6 4. d3 Na5 5. Nge2 Be7 ({In the last and decisive game of an old Candidates' quarter-final, Black hurried with the exchange of bishops exchange, thus offering White a wider choice at a later moment.} 5... Nxc4 6. dxc4 Be7 7. O-O d6 {Now, 8.f4 would transpose to our game, but Larsen thought} 8. b3 {to be more flexible and he eventually proved to be right, at least from a practical point of view, see Larsen,B-Portisch,L/Porec 1968/Candidates/[ChessBase] (1-0, 28)}) ({RR} 5... c6) 6. O-O d6 ({RR} 6... O-O 7. Ng3 d6 8. a4 ({RR} 8. f4 exf4 9. Bxf4 c6 10. Kh1 d5 11. exd5 ({RR} 11. Bb3 {RR} dxe4 12. Ngxe4 ({RR} 12. Ncxe4 Nd5 13. Bxd5 cxd5 14. Nc3 Nc6 15. Qh5 Be6 16. Rae1 Qd7 17. h3 Nb4 18. Re2 d4 19. Nce4 Rac8 20. Rff2 f6 21. a3 Nd5) 12... Nxe4 13. Nxe4 Nxb3 14. axb3 Bf5 15. Qf3 Bg6) 11... cxd5 12. Bb3 Nxb3 13. axb3 d4 14. Nce2 Nd5 15. Qd2 Nb4 16. Ng1 Bg4 17. h3 Be6 18. Nf3 Rc8 19. Rac1 Re8) ({RR} 8. h3 c6 9. Bb3 d5 ({RR} 9... Nxb3 10. axb3 Be6 11. f4 exf4 12. Bxf4 d5 13. Qf3 Qd7 14. Kh2 Kh8 15. Be5 Rfe8) 10. Qf3 h6 11. Re1 Nxb3 12. axb3 d4 13. Nce2 Re8 14. Nf5 Bf8) ({RR} 8. Qe2 c6 9. a3 ({RR} 9. a4 Nxc4 10. dxc4) 9... Nxc4 10. dxc4 Re8 11. Rd1 Qc7 12. b3 Bg4 13. f3 Be6 14. Bb2 Rad8 15. Kh1 a6 16. a4 ({RR} 16. Rd2 b5)) ({RR} 8. a3 Nxc4 9. dxc4 c6 10. Qd3 Re8 11. Re1 Bf8 12. h3 Be6 13. Be3 g6 14. Rad1 Qc7) 8... Nxc4 9. dxc4 Be6 ({RR} 9... c6 10. Qd3 ({RR} 10. b3 Bg4 11. Qd3 Nd7 12. h3 Nc5 13. Qe3 Be6 14. Ba3 Bg5 15. Qf3 g6) 10... Be6 11. Bg5 ({RR} 11. b3 d5) 11... Nd7 12. Bxe7 Qxe7 13. Rfd1 Nc5 14. Qxd6 Qxd6 15. Rxd6 Bxc4 16. b3 Be6 17. Rad1 a5) 10. b3 c6 ({RR} 10... Nd7 11. Bb2 Kh8) 11. Bb2 ({RR} 11. Ba3 Qc7 ({RR} 11... d5 12. Bxe7 Qxe7 13. cxd5 Rad8 14. Nh5 Nxh5 15. Qxh5 cxd5 16. Qxe5 dxe4 17. Rad1) 12. Qf3 ({RR} 12. Qe2 Rad8 13. Rad1 Rfe8 14. Rd2 d5 15. Bxe7 Rxe7) 12... Rad8 13. Rfe1 Rfe8 14. h3 d5 15. exd5 cxd5 16. Nb5 Qb8 17. Bxe7 Rxe7 18. cxd5 Nxd5 19. Nf5 Bxf5 20. Qxf5 a6 21. Na3 Re6) 11... Qc7 ({RR} 11... Qa5 12. Qe2 Rfd8 13. Rad1) 12. Qe2 ({RR} 12. Qf3 g6) 12... Rfe8 13. h3 Rad8 14. Rad1 a6 ({RR} 14... Bf8 15. Rd2) ({RR} 14... Nd7 15. Qf3 ({RR} 15. Rd2 Bg5) ({RR} 15. Rd3 Nc5 16. Rdd1 Bg5) ({RR} 15. Nd5 cxd5 16. cxd5 Bxh3 17. gxh3 Bg5) 15... Nc5 16. Nf5 Bg5) 15. Rd2 b5 ({RR} 15... Nd7 16. Rfd1 a5 ({RR} 16... Nf8 17. Qh5 Ng6 18. Nce2 ({RR} 18. Nf5 Nf4 19. Qg4 Bf6 20. Ba3)) ({RR} 16... Nc5) 17. Qf3 ({RR} 17. Ba3 Nc5 18. Qh5 g6) 17... Nc5 18. Nf5 Bxf5 19. Qxf5 h6) 16. axb5 axb5 17. cxb5 d5 18. b6 ({RR} 18. bxc6 d4 19. Nd1 Qxc6) ({RR} 18. exd5 cxd5 19. Na4 d4 20. b6 Qb8) 18... Qxb6 19. Na4 ({RR} 19. exd5 cxd5 20. Na4 ({RR} 20. Qxe5 Bd6 ({RR} 20... Qc6 21. Nf5) 21. Qd4 Qb8 22. Nce2) 20... Qc6 21. Bxe5 Nd7 22. Bd4 Bd6 ({RR} 22... Bg5 23. f4) 23. Qf3 Ne5 24. Qc3) 19... Qa5 20. exd5 ({RR} 20. Bxe5 Nxe4 21. Nxe4 dxe4 22. Rxd8 Bxd8 ({RR} 22... Rxd8 23. Qxe4) 23. Bd4 Qb5 24. Qe3 Bg5 25. Qc3 f6 26. Be3) 20... Nxd5 21. Rfd1 {Morozevich,A (2749)-Leko,P (2730) Dortmund 2001 CBM 085 [Lukacs,Peter] ½-½ (67)} ({RR} 21. Bxe5 Bb4 22. Rdd1 Bc8) {RR} 21... Bg5 22. Qxe5 f6 23. Bc3 ({RR} 23. Rxd5 Bxd5 24. Qc3 Qc7) 23... Qb5) 7. f4 ({With the bishop alive, it would make little sense to bury it with} 7. b3 $2) ({RR} 7. h3 O-O 8. Ng3 c6 9. a4 Nxc4 10. dxc4 Be6 11. b3 d5 12. exd5 cxd5 13. cxd5 Nxd5 14. Nxd5 Qxd5 15. Nf5 Bf6 16. Qxd5 Bxd5 17. Bb2 Be4 18. Ne3 Rfd8 19. Rfe1 Bg5 20. Bxe5 Bxe3 21. Rxe3 Bxc2 {Taspinar,Y (2321)-Ilgaz,Y (2101) Cesme TUR 2025 ½-½ (52)}) 7... Nxc4 $146 ({RR} 7... exf4 8. Nxf4 Nxc4 9. dxc4 O-O 10. h3 Nd7 11. Ncd5 Nc5 12. Qf3 c6 13. Nxe7+ Qxe7 14. b4 Nxe4 15. Bb2 f5 16. Rae1 Qg5 17. Nh5 Be6 18. Nxg7 Bxc4 19. Nxf5 Bxf1 20. Rxe4 Rxf5 21. Qb3+ Kf8 22. Rg4 {Boruchovsky,A (2536)-Shevchenko,K (2671) chess.com INT 2023 0-1 (55)}) ({RR} 7... exf4 8. Nxf4 Nxc4 9. dxc4 O-O 10. h3 Nd7 11. Ncd5 Nc5 12. Qf3 c6 13. Nxe7+ Qxe7 14. b4 Nxe4 15. Bb2 f5 16. Rae1 Qg5 17. Nh5 Be6 18. Nxg7 Bxc4 19. Nxf5 Bxf1 20. Rxe4 Rxf5 21. Qb3+ Kf8 22. Rg4 {Boruchovsky,A (2536)-Shevchenko,K (2671) chess.com INT 2023 0-1 (55)}) 8. dxc4 c6 9. Kh1 O-O $146 {Not fearing the kingside attack.} ({I did not find anything wrong with the more cautious} 9... h5 10. f5 h4 11. Qd3 Bd7 12. h3 Qc7 13. Be3 O-O-O {Zinn,L (2410)-Kovacs,L (2385)/Decin 1975/EXT 2003 (1/2, 21)}) 10. f5 {If allowed to play g4-g5, White would get a very strong attack. With the d5-square under firm control of the white pawns, a breakthrough seems to be difficult to cary out, but Carlsen thought differently.} b5 $5 11. cxb5 d5 12. exd5 (12. bxc6 d4 13. Na4 Nxe4 $17) 12... cxd5 13. Bg5 Bb7 $44 {A brief glance at the position reveals Black's compensation. However, the ulterior course of the game proves that White's position is easier to handle, since Black cannot advance any of his pawns without giving away part of his dynamic potential.} 14. Ng3 h6 15. Bxf6 Bxf6 16. Qe2 Qe7 17. Rad1 Rad8 18. Nh5 e4 19. Nxf6+ ({It would have made some sense to keep the tension. The h5-knight may cause some troubles still, for instance with xg7, while the f6-bishop is not going to run away.} 19. Qg4 $5) 19... Qxf6 20. Na4 Ba8 (20... Bc8 $5 {[%csl Gf5]}) 21. c3 d4 22. cxd4 Rxd4 23. Nc3 Rxd1 24. Nxd1 Rd8 25. Qe3 a6 26. a4 axb5 27. axb5 Rd3 28. Qa7 Bd5 29. Nc3 e3 30. Nxd5 Rxd5 31. Qxe3 Qxb2 32. Qe8+ Kh7 33. Qxf7 Qxb5 34. Qg6+ Kg8 35. Ra1 Rxf5 36. Ra8+ Rf8 37. Rxf8+ Kxf8 38. h3 1/2-1/2

[Event "Norway Chess 1st"]
[Site "Stavanger"]
[Date "2013.05.12"]
[Round "4"]
[White "Carlsen, Magnus"]
[Black "Svidler, Peter"]
[Result "1/2-1/2"]
[WhiteElo "2868"]
[BlackElo "2769"]
[Annotator "Marin,Mihail"]
[PlyCount "86"]
[EventDate "2013.05.08"]
[EventType "tourn"]
[EventRounds "9"]
[EventCountry "NOR"]
[EventCategory "21"]
[SourceTitle "CBM 155"]
[Source "ChessBase"]
[SourceDate "2013.07.16"]
[SourceVersion "1"]
[SourceVersionDate "2013.07.16"]
[SourceQuality "1"]

1. e4 c5 2. Nf3 d6 3. Bb5+ Nd7 4. O-O a6 ({If Black delays attacking the bishop with} 4... Ngf6 5. Re1 a6 {White could regroup properly:} 6. Bf1) 5. Bd3 $5 {A relatively unexplored move.} ({The main stream goes} 5. Bxd7+ Bxd7) 5... Ne5 $5 {But this is really rare. Black accepts the weakness of the doubled pawns in order to cross White's plans of central expansion with c2-c3, c2 and d2-d4.} (5... Ngf6 {is examined in Stohl's extensive comments to Caruana,F (2786)-Topalov,V (2769)/Bucharest 2012/CBM 152/[Stohl,I] (1/2, 81)}) 6. Nxe5 {White has nothing better than picking up the gauntlet. It is not such a bad option, by the way.} ({If} 6. Be2 Nxf3+ 7. Bxf3 Nf6 {the bishop does not stand well in front of the f-pawn.}) 6... dxe5 7. a4 Nf6 {I must confess that I do not quite understand why Black allows the blocking a4-a5 move while White does not play it! It will be only nine moves later that Black will eventually play ...b7-b6.} ({The more logical (and, in my opinion, better)} 7... b6 {has been played only in one game between lower rated players, so there must be something beyond my understanding.} 8. b3 {Mudrak,J (2313)-Rychlik,H (2044) Nachod 2012 (1-0, 48)}) 8. b3 $146 (8. Re1 g6 (8... b6 9. Na3 Bb7 10. Nc4 Nd7 11. b3 e6 12. Bb2 Qg5 13. Re3 g6 14. Rg3 Qf6 15. Qe2 $16 {Trent,L (2429)-Sutovsky,E (2684)/Caleta 2013/CBM 153 (0-1, 43)}) 9. Qe2 Bh6 10. Na3 b6 11. b3 O-O 12. Bb2 Qc7 13. Rad1 Bb7 14. f3 Nd7 15. Bc4 Nb8 {[%cal Gb8c6,Gc6d4] and Black managed to equalise gradually in Flores Rios,M (2482)-Iturrizaga Bonelli,E (2555)/Sao Paulo 2009/CBM 131 Extra (1/2, 30)}) ({I would play} 8. a5 {without thinking twice!}) 8... Be6 $146 ({If Black keeps developing normally, White will gain a lot from having saved the tempo f1-e1 with respect to the two games above; moreover, the rook is better placed on f1 in view of a possible f2-f4.} 8... g6 9. Bb2 Qc7 10. Na3 Bg7 11. Nc4 Nh5 (11... Nd7 12. f4 $40) 12. a5 $16) ({RR} 8... b6 9. Na3 Bb7 10. Re1 e6 11. Nc4 Nd7 12. Bb2 f6 13. Qg4 Kf7 14. f4 exf4 15. Qxf4 Qb8 16. e5 Be7 17. Qf2 b5 18. exf6 Bxf6 19. Ne5+ Nxe5 20. Bxe5 Qc8 21. axb5 axb5 22. Rxa8 Bxa8 23. Bxb5 {Fiedorek,M (2289)-Vlassov,N (2283) chess.com INT 2023 1-0}) ({RR} 8... b6 9. Bb2 Qc7 10. Na3 Nd7 11. Nc4 f6 12. f4 exf4 13. e5 g6 14. Qf3 Bb7 15. Be4 O-O-O 16. e6 Nb8 17. a5 Bxe4 18. Qxe4 Qc6 19. Nxb6+ Kb7 20. Qe2 g5 21. c4 Qd6 22. Na4 Nc6 23. Qf2 {Palac,M (2544)-Sindik,E (2282) Mali Losinj 2019 1-0 (40)}) 9. Bb2 ({For once,} 9. a5 {oes not work>} Bxb3 $17) 9... Bxb3 10. Qe2 (10. Bxa6 Rxa6 11. cxb3 Nxe4 12. Re1 Nf6 13. Bxe5 e6 14. Na3 {is not too clear. White has a nice blockade, but on the other hand Black's structure is more compact.}) (10. Bxe5 $2 Qxd3 $1) 10... c4 (10... Be6 11. Bxe5 $14) 11. Bxc4 Bxc4 12. Qxc4 $14 {The unusual exchanges have left White with the better development and better pawn control in the centre.} Rc8 13. Qb3 Qc7 14. d3 e6 (14... Qxc2 15. Qxb7 $16) 15. Nd2 Nd7 16. Nc4 ({This was the last moment when White could block the queenside with} 16. a5 {Why did Carlsen refrain from such a strategically advantageous move? Surely not because of} Qxc2 $2 17. Rac1 Qxb3 18. Rxc8+ Ke7 19. Nxb3 $18) 16... b6 {The worst is over for Black now. The c4-knight will face the constant threat of ...b6-b5, which makes the c2-pawn vulnerable.} 17. Kh1 Rb8 18. Qc3 f6 19. g3 b5 20. axb5 axb5 21. Ne3 Qxc3 22. Bxc3 b4 23. Bd2 b3 24. cxb3 Rxb3 25. Ra8+ Rb8 {Safest} (25... Kf7 26. Rc1 Rxd3 27. Bb4 {would offer White a dangerous initiative.}) 26. Rxb8+ Nxb8 27. Rc1 Kd7 28. Rb1 Nc6 $11 {Black's position is absolutely normal and the king's activity fully compensates for the slight delay in development.} 29. Nc4 Be7 30. f4 exf4 31. gxf4 Rb8 32. Rxb8 Nxb8 33. Kg2 Nc6 34. Bc3 Bc5 35. Kf3 Nd4+ 36. Bxd4 Bxd4 37. f5 g6 38. fxe6+ Kxe6 39. h3 h5 40. Na5 Bb6 41. Nc4 Bd4 42. Na5 Bb6 43. Nc4 Bd4 1/2-1/2